<?xml version="1.0" encoding="UTF-8"?><?xml-stylesheet type="text/xsl" href="static/style.xsl"?><OAI-PMH xmlns="http://www.openarchives.org/OAI/2.0/" xmlns:xsi="http://www.w3.org/2001/XMLSchema-instance" xsi:schemaLocation="http://www.openarchives.org/OAI/2.0/ http://www.openarchives.org/OAI/2.0/OAI-PMH.xsd"><responseDate>2026-04-26T07:15:23Z</responseDate><request verb="GetRecord" identifier="oai:uvadoc.uva.es:10324/28209" metadataPrefix="marc">https://uvadoc.uva.es/oai/request</request><GetRecord><record><header><identifier>oai:uvadoc.uva.es:10324/28209</identifier><datestamp>2021-06-29T19:51:15Z</datestamp><setSpec>com_10324_38</setSpec><setSpec>col_10324_852</setSpec></header><metadata><record xmlns="http://www.loc.gov/MARC21/slim" xmlns:doc="http://www.lyncode.com/xoai" xmlns:xsi="http://www.w3.org/2001/XMLSchema-instance" xmlns:dcterms="http://purl.org/dc/terms/" xsi:schemaLocation="http://www.loc.gov/MARC21/slim http://www.loc.gov/standards/marcxml/schema/MARC21slim.xsd">
<leader>00925njm 22002777a 4500</leader>
<datafield tag="042" ind1=" " ind2=" ">
<subfield code="a">dc</subfield>
</datafield>
<datafield tag="720" ind1=" " ind2=" ">
<subfield code="a">Arancón Pérez, Daniel</subfield>
<subfield code="e">author</subfield>
</datafield>
<datafield tag="260" ind1=" " ind2=" ">
<subfield code="c">2017</subfield>
</datafield>
<datafield tag="520" ind1=" " ind2=" ">
<subfield code="a">Las relaciones interpersonales son imprescindibles para que el alumnado progrese en su proceso de socialización y por ende, viva en sociedad. Para ello, es necesario potenciar desde el centro educativo la convivencia y crear un buen clima de aula, donde primen las relaciones afectivas de aceptación. Con este trabajo creemos que a partir del juego cooperativo y de la teoría de la praxiología motriz, podemos mejorar nuestro objetivo de estudio que son las relaciones interpersonales entre el alumnado de Educación Primaria participante en el área de Educación Física. Aunque hemos comprobado los beneficios de los juegos cooperativos en la generación de vínculos afectivos y en la cohesión grupal, no hemos podido constatar de forma más completa la fuerza del método.</subfield>
</datafield>
<datafield tag="024" ind2=" " ind1="8">
<subfield code="a">http://uvadoc.uva.es/handle/10324/28209</subfield>
</datafield>
<datafield tag="245" ind1="0" ind2="0">
<subfield code="a">Las relaciones interpersonales del alumnado de Educación Primaria a través de una propuesta de juegos cooperativos</subfield>
</datafield>
</record></metadata></record></GetRecord></OAI-PMH>